FAO training series N.20.1 Simple methods for aquaculture: pond construction for freshwater fish culture - building earthen ponds
Shranjeno v:
| Glavni avtor: | |
|---|---|
| Format: | Knjiga |
| Jezik: | Undetermined |
| Izdano: |
Rome
FAO
1995
|
| Teme: | |
| Oznake: |
Označite
Brez oznak, prvi označite!
|
| Thư viện lưu trữ: | Trung tâm Học liệu Trường Đại học Cần Thơ |
|---|
| LEADER | 00602nam a2200193Ia 4500 | ||
|---|---|---|---|
| 001 | CTU_4390 | ||
| 008 | 210402s9999 xx 000 0 und d | ||
| 082 | |a 639 | ||
| 082 | |b T768/N20.1 | ||
| 100 | |a FAO | ||
| 245 | 0 | |a FAO training series N.20.1 | |
| 245 | 0 | |b Simple methods for aquaculture: pond construction for freshwater fish culture - building earthen ponds | |
| 245 | 0 | |c FAO | |
| 260 | |a Rome | ||
| 260 | |b FAO | ||
| 260 | |c 1995 | ||
| 650 | |a fish ponds,fish-culture,training manuals | ||
| 904 | |i Nguyễn Quang Điền, 960530 | ||
| 980 | |a Trung tâm Học liệu Trường Đại học Cần Thơ | ||